000 00467nam a2200181Ia 4500
001 21003
005 20260306172847.0
008 260306t2008||||xx |||||||||||||| ||spa||
041 _aESP
082 _a343.83
_bZ913P
100 _aZagal Pastor, Roberto
_eAUT
245 0 _aDerecho aduanero:
_bprincipales instituciones jurídicas aduaneras
260 _c2008
300 _a383 páginas :
_c24 cm.
650 _aGEN
654 _aCCO
942 _cLIB
_dJUS
_fJUS
_2ddc
_n
999 _c21003
_d21003